000 00315nam a2200133Ia 4500
005 20251222140027.0
008 251222s1900||||xx |||||||||||||| ||spa||
082 _a233.14/C75/2011
100 _aColao Granda, Antonio
245 0 _aCaminos de Esperanza
250 _a1a. ed.
264 _bEME Digital
942 _cLIB
999 _c2836
_d2836